000 00528nam a2200181Ia 4500
005 20250326142526.0
008 250326s9999 xx 000 0 und d
037 _aTextbook
040 _aFMSL
_beng
_cFMSL
041 _aeng
_2eng
084 _aX:74 M9
_qFMSL
100 _aAndrews KR
_9746204
245 0 _aEthics in practice: Management of the moral corporation
_cAndrews KR
260 _aBoston
_bBoston, Harvard Business School.
_c1989
300 _a300p
942 _cTB
_hX:74 M9
999 _c1295440
_d1295440